| 000 | 01871nam a2200517 i 4500 | ||
|---|---|---|---|
| 001 | 54775 | ||
| 003 | KOSZ 005 | ||
| 005 | 20211213084337.0 | ||
| 008 | 070831s2007 pl a |101 0 pol | ||
| 015 | _aUWD 2007/20679 | ||
| 020 | _a9788374933193 | ||
| 035 | _a991036187299705066 | ||
| 035 | _a(PL-WaBN)b19723155-48omnis_nlop | ||
| 035 | _ab19723155 | ||
| 035 | _a(OCoLC)177253927 | ||
| 035 | _azz2007874089 | ||
| 035 | _a(PL)b0000001972315 | ||
| 035 | _a(EXLNZ-48OMNIS_NETWORK)9910156189205606 | ||
| 040 |
_aWA N _cWA N _dKOSZ 005/HR |
||
| 041 | 1 |
_apol _heng |
|
| 046 | _k2007 | ||
| 080 | _a004.4 | ||
| 080 | _a004.65:005 | ||
| 080 | _a(06) | ||
| 245 | 0 | 0 |
_aMetody i narzędzia wytwarzania oprogramowania : _bkonferencja naukowa, Szklarska Poręba, 14-16 maja 2007 r. / _cpod red. Bogumiły Hnatowskiej i Zbigniewa Huzara. |
| 260 |
_aWrocław : _bOficyna Wydawnicza Politechniki Wrocławskiej, _c2007. |
||
| 300 |
_a634 s. : _bil. ; _c24 cm. |
||
| 336 |
_aTekst _btxt _2rdacontent |
||
| 337 |
_aBez urządzenia pośredniczącego _bn _2rdamedia |
||
| 338 |
_aWolumin _bnc _2rdacarrier |
||
| 380 | _aKsiążki | ||
| 380 | _aPublikacje naukowe | ||
| 388 | _a2001- | ||
| 504 | _aBibliogr. przy ref. Indeks. | ||
| 546 | _aStreszcz. ang. przy ref. Spis treści także ang. | ||
| 650 | 7 |
_aProgramowanie (informatyka) _2DBN |
|
| 650 | 7 |
_aSystemy informatyczne zarządzania _2DBN |
|
| 655 | 7 |
_aMateriały konferencyjne _2DBN |
|
| 658 | _aInformatyka i technologie informacyjne | ||
| 700 | 1 |
_aHnatkowska, Bogumiła _eRedakcja |
|
| 700 | 1 |
_aHuzar, Zbigniew _d(1945- ) _eRedakcja |
|
| 710 | 2 |
_aOficyna Wydawnicza Politechniki Wrocławskiej _4pbl |
|
| 856 |
_uhttp://koha.tu.koszalin.pl/cgi-bin/koha/opac-detail.pl?biblionumber=54775 _yKatalog online BPK |
||
| 942 |
_2UKD _cKS |
||
| 999 |
_c54775 _d54775 |
||